Statistiques concernant Thème histoire Mots en pyramides

Cliquez ici pour prendre le quiz!

Statistiques générales

  • Ce quiz a été pris 75 fois
  • Le résultat moyen est 19 sur 59

Statistiques - réponses

HintRéponse% Correct
5Dieu égyptienRA
84%
1Drame japonaisNO
81%
3Métal précieuxOR
81%
2Ré ou OléronILE
80%
2Organe de volAILE
73%
2Pronom espagnolEL
73%
7Do, ré, miNOTE
73%
7RègleTE
72%
7EnlèveOTE
64%
6BromeBR
63%
1Hauteur d'une voixTON
59%
4Pronom personnelME
56%
2Joue sur le côtéAILIER
48%
Portraitle (3) jour du 6e moissixième
47%
41ère classe de collègeSIXIEME
47%
PortraitElle a permis de (6)libérer
45%
6DélivrerLIBERER
45%
3MémoireROM
42%
Je suisle...{débarquement} de 1944
41%
7EvaluentNOTENT
38%
5SûreCERTAINE
36%
Portraitd'une (4) annéecertaine
36%
2AssemblaRELIA
36%
4RépandreSEME
36%
Portraiten (5)Normandie
33%
3Région de FranceNORMANDIE
33%
5RoueREA
31%
4MélangéesMIXEES
30%
5AïeulANCETRE
28%
4Lieu d'une dépêche célèbreEMS
28%
6EspagnolIBERE
28%
6CharpenteBER
25%
5TranchantACERE
23%
6OvinBELIER
23%
1InterventionOPERATION
22%
PortraitCette (1)opération
22%
Portraitune partie du (7)continent
20%
7Etendue de terreCONTINENT
20%
Portrait(2) s'est dérouléemilitaire
20%
2SoldatMILITAIRE
20%
3ItalienneROMAINE
20%
3Région de SuisseROMANDIE
20%
5SurfaceACRE
14%
7LaineTONTE
14%
4ExprimeEMISE
11%
6Protection de mancheBREE
9%
1TapoterPIANOTER
9%
7RenfermentCONTIENT
8%
3Diminuer l'importanceMINORE
6%
1Officier publicNOTAIRE
6%
2UseraitLIMERAIT
5%
5Partie immergéeCARENE
3%
3PrénomOMER
3%
1Sans vigueurATONIE
2%
2Réputé pour être matinalLAITIER
2%
1EntendentOIENT
2%
3Opinion favorableRENOM
2%
7Rente reportableTONTINE
2%
1ToucheOINT
0%

Distribution des résultats

Percentile par nombre de réponses

% des personnes avec chaque résultat

Votre développement - résultats

Vous n’avez pas pris ce quiz